Evaluación sistemática: guía teórica y práctica
Uloženo v:
| Hlavní autoři: | , |
|---|---|
| Médium: | Kniha |
| Jazyk: | španělština |
| Vydáno: |
Barcelona
Paidós
1987
|
| Edice: | Temas de Educación, 4
|
| Témata: | |
| Tagy: |
Přidat tag
Žádné tagy, Buďte první, kdo vytvoří štítek k tomuto záznamu!
|
MARC
| LEADER | 00000nam a2200000 a 4500 | ||
|---|---|---|---|
| 001 | UCQ5693 | ||
| 003 | CL-VaPUC | ||
| 008 | 981002e19870000SP |||||||||||||||||spa|d | ||
| 082 | 0 | 4 | |a 371.26 |b STU |2 21 |
| 100 | 0 | |a Stufflebeam, Daniel L |e author |9 419731 | |
| 700 | 0 | |a Skinkfield, Anthony J |e author |9 419732 | |
| 245 | 1 | 0 | |a Evaluación sistemática: guía teórica y práctica |
| 300 | |a 381 p | ||
| 942 | |c BK | ||
| 945 | |d 19981002 00:00:00 |a lriquelm | ||
| 260 | |a Barcelona |b Paidós |c 1987 | ||
| 650 | 7 | |a EVALUACION DEL RENDIMIENTO |2 CL-VaPUC |9 334262 | |
| 650 | 0 | |a Evaluación de la educación |9 237505 | |
| 583 | |a last modification |c 19981002 00:00:00 |k Rodrigo Vera | ||
| 490 | 0 | |a Temas de Educación, 4 | |
| 999 | |c 275897 |d 275895 | ||
| 952 | |0 0 |1 0 |4 0 |6 371_260000000000000_STU_1987 |7 0 |8 A |9 312777 |a FDOPOS |b FDOPOS |d 2019-11-20 |i 328588K |l 1 |o 371.26 STU 1987 |p 328588K |r 2025-01-22 |s 2021-07-30 |w 2019-11-20 |y BK |k MLA | ||